|
|
|
|
| LEADER |
00000nam0a2200000 4500 |
| 001 |
673866 |
| 005 |
20240801090259.0 |
| 090 |
|
|
|a 673866
|
| 100 |
|
|
|a 20240731d1979 k||y0rusy50 ca
|
| 101 |
0 |
|
|a rus
|
| 102 |
|
|
|a RU
|
| 105 |
|
|
|a y z 000yy
|
| 181 |
|
0 |
|a i
|b e
|
| 182 |
|
0 |
|a n
|
| 183 |
|
0 |
|a nc
|2 RDAcarrier
|
| 200 |
1 |
|
|a Социальная психология и история
|f Б. Ф. Поршнев
|e монография
|g Академия наук СССР, Институт всеобщей истории
|
| 205 |
|
|
|a изд. 2, доп. и испр.
|
| 210 |
|
|
|a Москва
|c Наука
|d 1979
|
| 215 |
|
|
|a 232 с.
|
| 283 |
|
|
|a volume
|2 RDAcarrier
|
| 606 |
1 |
|
|a Социальная психология
|9 73677
|
| 610 |
1 |
|
|a русские революции
|
| 610 |
1 |
|
|a ленинская наука
|
| 610 |
1 |
|
|a коллективная психология
|
| 610 |
1 |
|
|a общность
|
| 610 |
1 |
|
|a индивид
|
| 610 |
1 |
|
|a психика
|
| 610 |
1 |
|
|a социальность
|
| 610 |
1 |
|
|a категории
|
| 610 |
1 |
|
|a генетическая психология
|
| 610 |
1 |
|
|a всемирная история
|
| 610 |
1 |
|
|a монографии
|
| 686 |
|
|
|2 rubbk
|a Ю95
|
| 700 |
|
1 |
|a Поршнев
|b Б. Ф.
|g Борис Федорович
|
| 712 |
0 |
2 |
|a Академия наук СССР
|b Институт всеобщей истории
|c (1968-1991)
|c (Москва)
|9 25055
|
| 801 |
|
0 |
|a RU
|b 63413507
|c 20240801
|
| 830 |
|
|
|a Ретро2024Каталогизация Шило
|
| 850 |
|
|
|a 63413507
|
| 942 |
|
|
|c BK
|